00836nam a2200229Ia 4500003000900000008004100009020001800050040001600068080001300084111008700097245020400184260003900388300001600427650001500443650002500458650001100483650002300494650002200517700002400539700002300563700002000586IN-BaIIA211028s9999 xx 000 0 eng d a981-238-232-1 cIIA Library a535bOMI aInternational Conference on Optical Commu and NetworkscSingapored2002 Nov. 11-14 0aOptical communications and networksbproceedings of the first International conference held in Shangri-La Hotel, Singapore, November 11-14, 2002cedited by C. G. Omidyar, H. G. Shiraz and W. D. Zhong aNew JerseybWorld Scientificc2002 axxii, 430p. aAmplifiers aChromatic Dispersion aLasers aOptical Networking aOptical Switching aOmidyar, C. G., ed. aShiraz, H. G., ed. aZhong, W.D. ed.